| 000 | 00359nam a2200145Ia 4500 | ||
|---|---|---|---|
| 008 | 191201s2008 xx 000 0 und d | ||
| 082 |
_a621.832 _bPAV |
||
| 100 | _aPARHI, Keshab K. | ||
| 245 | 0 | _aVLSI Digital Signal Processing Systems | |
| 250 | _aRep. | ||
| 260 |
_aN.Delhi _bWiley India _c2008 |
||
| 300 | _a784 | ||
| 650 | _aB.Tech(ECE) | ||
| 942 |
_2ddc _cBK |
||
| 999 |
_c3538 _d3538 |
||